| 000 | 01438nam0a22003371 4500 | ||
|---|---|---|---|
| 001 | rc\4894513 | ||
| 005 | 20180621084433.0 | ||
| 021 |
_aRU _b[58-6228] |
||
| 035 | _a(NLR Aleph) 008924767 | ||
| 090 |
_a8846859 _c8846859 |
||
| 100 | _a20130426d1957 |||y0rusy50 ca | ||
| 101 | 0 | _arus | |
| 102 | _aRU | ||
| 105 | _aa z ||||| | ||
| 200 | 1 |
_aФизиологические и биохимические основы теории и методики спортивной тренировки _fПод ред. проф. Н.Н. Яковлева |
|
| 210 |
_aМосква _cФизкультура и спорт _d1957 |
||
| 215 |
_a323 с. _cил. _d21 |
||
| 300 | _aПеред загл. авт.: Н.Н. Яковлев, А.В. Коробков, С.В. Янанис | ||
| 320 | _aБиблиогр.: с. 310-321 | ||
| 606 |
_aСпортсмены _xТренировка _2psbo |
||
| 606 |
_aСпорт _xФизиология _2psbo |
||
| 606 |
_aСпорт _xБиохимия _2psbo |
||
| 700 | 1 |
_aЯковлев _bН. Н. _cд-р биол. наук, прозаик _f1911-1992 _gНиколай Николаевич _3RU\NLR\AUTH\770221471 _4340 |
|
| 701 | 1 |
_aКоробков _bА. В. _gАнатолий Витальевич |
|
| 701 | 1 |
_aЯнанис _bС. В. _gСтанислав Владимирович |
|
| 801 | 0 |
_aRU _bNLR _gpsbo |
|
| 801 | 1 |
_aRU _bELAR _2rusmarc |
|
| 852 |
_aNLR _j58-3/987 |
||
| 942 | _cBOOK | ||
| 980 | _aNB | ||